Normal view
MARC view
Entry Personal Name
001 - CONTROL NUMBER
- control field: 242548
003 - CONTROL NUMBER IDENTIFIER
- control field: OSt
005 - DATE AND TIME OF LATEST TRANSACTION
- control field: 20251023102335.0
008 - FIXED-LENGTH DATA ELEMENTS
- fixed length control field: 251023|| aca||aabn | a|a d
040 ## - CATALOGING SOURCE
- Original cataloging agency: OSt
- Transcribing agency: OSt
100 ## - HEADING--PERSONAL NAME
- Personal name: ಪಾಷ, ಅಬ್ದುಲ್ ರೆಹಮಾನ್
670 ## - SOURCE DATA FOUND
- Source citation: Work cat.: (OSt)240579: Morgan Housel 242544, Hanada manovijnana, 2025